Management of droughts in India : (Record no. 27173)

MARC details
000 -LEADER
fixed length control field 00496nam a2200145Ia 4500
008 - FIXED-LENGTH DATA ELEMENTS--GENERAL INFORMATION
fixed length control field 211220s9999 xx 000 0 eng d
041 ## - LANGUAGE CODE
Language code of text/sound track or separate title English
082 ## - DEWEY DECIMAL CLASSIFICATION NUMBER
Classification number RR.0307
100 ## - MAIN ENTRY--PERSONAL NAME
Personal name Ramachandran, H.
Affiliation Bhoovigyan Vikas Foundation
245 #0 - TITLE STATEMENT
Title Management of droughts in India :
Remainder of title strategies of people and state /
Statement of responsibility, etc. H. Ramachandran
260 ## - PUBLICATION, DISTRIBUTION, ETC.
Place of publication, distribution, etc. New Delhi :
Name of publisher, distributor, etc. Indian Council oF Social Science Research,
Date of publication, distribution, etc. 2013
300 ## - PHYSICAL DESCRIPTION
Extent 107p.
536 ## - FUNDING INFORMATION NOTE
Text of note Indian Council of Social Science Research
942 ## - ADDED ENTRY ELEMENTS (KOHA)
Koha item type Research Reports
Holdings
Withdrawn status Lost status Source of classification or shelving scheme Damaged status Not for loan Collection code Home library Current library Date acquired Source of acquisition Total Checkouts Full call number Barcode Date last seen Price effective from Koha item type
    Dewey Decimal Classification   Not For Loan ICSSR Research Project Reports NASSDOC Library NASSDOC Library 06/12/2021 Gifted by: RP Division ICSSR   RR.0307 51826 20/12/2021 20/12/2021 Research Reports